Statistics for NFL 500 Yard Passing Club

Click here to take the quiz!

General Stats

  • This quiz has been taken 1,125 times
    (503 since last reset)
  • The average score is 9 of 18

Answer Stats

Year Team Yards Quarterback % Correct
2011, 2018Patriots517Tom Brady
98%
2012Giants510Eli Manning
96%
2006, 2015Saints511Drew Brees
86%
2009, 2014, 2017Steelers522Ben Roethlisberger
75%
1988Dolphins521Dan Marino
72%
2016Falcons503Matt Ryan
68%
2015Chargers503Phillip Rivers
66%
2012Lions520Matthew Stafford
56%
2013Cowboys506Tony Romo
45%
1990Oilers527Warren Moon
44%
2016Raiders513Derek Carr
41%
2012Texans527Matt Schaub
36%
1985Giants513Phil Simms
26%
1951Rams554Norm Van Brocklin
24%
1962Giants505Y.A. Tittle
21%
1996Cardinals522Boomer Esiason
14%
2000Chiefs504Elvis Grbac
6%
1982Rams509Vince Ferragamo
4%

Score Distribution

Percentile by Number Answered

Percent of People with Each Score

Your Score History

You have not taken this quiz since the last reset